000 00862nam a2200217 a 4500
005 20250527063807.0
008 991125s1987 mx 000 0 spa u
020 _a9683601413
035 _aUPN01000002507
049 _aCE
050 4 _aZ696
_bM3.3
100 1 _aMartínez Arellano, Filiberto Felipe
_929639
245 1 0 _aAmpliación a la parte de instituciones educativas de México (LE7-9) dentro de la clasificación de la Biblioteca del Congreso de los Estados Unidos /
_cFiliberto Felipe Martínez Arellano.
260 _aMéxico :
_bUNAM, Centro Universitario de Investigaciones Bibliotecológicas,
_c1987.
300 _a49 p.
440 0 _aManuales ;
_v7
650 4 _aCLASIFICACION -
_xLIBROS -
_xEDUCACION
_98999
650 4 _aCLASIFICACION -
_xLIBROS -
_zMEXICO
_99000
650 4 _aClasificación de la Biblioteca del Congreso
_910876
905 _aLibro
999 _c2507
_d2507